The resident assistant : working with college students in residence halls /

Bibliographic Details
Main Author: Blimling, Gregory S.
Other Authors: Miltenberger, Lawrence J.
Format: Book
Language:English
Published: Dubuque, Iowa : Kendall/Hunt, [1981]
Subjects:

MARC

Tag First Indicator Second Indicator Subfields
LEADER 00000cam a2200000 a 4500
001 in00000088380
005 20151008063153.0
008 811107s1981 iau b 00110 eng
010 |a  81081196  
020 |a 0840324413 (pbk.) 
035 |a (OCoLC)07894137 
035 |9 AAK1723AM 
040 |a DLC  |c DLC  |d TXA  |d UtOrBLW 
049 |a TXAM  |c [1272634] 
050 0 0 |a LB3227  |b B5 
082 0 |a 378/.194  |2 19 
100 1 |a Blimling, Gregory S. 
245 1 4 |a The resident assistant :  |b working with college students in residence halls /  |c Gregory S. Blimling, Lawrence J. Miltenberger. 
264 1 |a Dubuque, Iowa :  |b Kendall/Hunt,  |c [1981] 
264 4 |c ©1981 
300 |a vi, 266 pages ;  |c 23 cm. 
336 |a text  |b txt  |2 rdacontent 
337 |a unmediated  |b n  |2 rdamedia 
338 |a volume  |b nc  |2 rdacarrier 
500 |a Includes index. 
504 |a Bibliography: pages 259-265. 
650 0 |a Resident assistants (Dormitories) 
650 0 |a Residence counselors. 
700 1 |a Miltenberger, Lawrence J. 
999 |a MARS 
999 f f |s 1f911747-bb6e-35b0-9248-888704b264a0  |i b2f02744-1f39-37ee-8c65-4daa6bf44c09  |t 0 
952 f f |p normal  |a Texas A&M University  |b College Station  |c Sterling C. Evans Library  |d Evans: Library Stacks  |t 0  |e LB3227 B5  |h Library of Congress classification  |i unmediated -- volume  |m A14805985260 
998 f f |a LB3227 B5  |t 0  |l Evans: Library Stacks